New SSSI code of guidance (Record no. 72663)
[ view plain ]
| 000 -LEADER | |
|---|---|
| fixed length control field | 01183cam a2200205 4500 |
| 001 - CONTROL NUMBER | |
| control field | WB3918-09 |
| 008 - FIXED-LENGTH DATA ELEMENTS--GENERAL INFORMATION | |
| fixed length control field | 030514n2003 000 0 eng u |
| 035 ## - SYSTEM CONTROL NUMBER | |
| System control number | (Sirsi) u122262 |
| 245 ## - TITLE STATEMENT | |
| Title | New SSSI code of guidance |
| 260 ## - PUBLICATION, DISTRIBUTION, ETC. | |
| Date of publication, distribution, etc. | 2003 |
| 490 ## - SERIES STATEMENT | |
| Series statement | DEFRA News Release |
| Volume/sequential designation | 8 May 2003 (2) |
| 520 ## - SUMMARY, ETC. | |
| Summary, etc. | DEFRA has published a new code of guidance on the protection and management of Sites of Special Scientific Interest (SSSIs) taking into account new measures introduced under the Countryside and Rights of Way Act 2000. "Sites of special scientific interest: encouraging positive partnerships" explains how the law protects SSSIs and puts emphasis on productive partnerships between English Nature and landowners or managers to ensure the conservation of SSSIs. Code of guidance at www.defra.gov.uk/wildlife-countryside/ewd/sssi/sssi-code.pdf. www.defra.gov.uk/news/2003/030508d.htm |
| 590 ## - LOCAL NOTE (RLIN) | |
| Local note | WB |
| 650 ## - SUBJECT ADDED ENTRY--TOPICAL TERM | |
| Topical term or geographic name entry element | SITES OF SPECIAL SCIENTIFIC INTEREST |
| 650 ## - SUBJECT ADDED ENTRY--TOPICAL TERM | |
| Topical term or geographic name entry element | NATURE CONSERVATION |
| 650 ## - SUBJECT ADDED ENTRY--TOPICAL TERM | |
| Topical term or geographic name entry element | COUNTRYSIDE AND RIGHTS OF WAY ACT 2000 |
| 650 ## - SUBJECT ADDED ENTRY--TOPICAL TERM | |
| Topical term or geographic name entry element | SITES OF SPECIAL SCIENTIFIC INTEREST |
| 690 ## - LOCAL SUBJECT ADDED ENTRY--TOPICAL TERM (OCLC, RLIN) | |
| Topical term or geographic name as entry element | ENVIRONMENTAL AND LAND CONSULTANCY-ENVIRONMENTAL MANAGEMENT |
| 942 ## - ADDED ENTRY ELEMENTS (KOHA) | |
| Suppress in OPAC | 0 |
| Withdrawn status | Lost status | Source of classification or shelving scheme | Damaged status | Not for loan | Home library | Current library | Shelving location | Date acquired | Total Checkouts | Full call number | Barcode | Date last seen | Copy number | Price effective from | Koha item type |
|---|---|---|---|---|---|---|---|---|---|---|---|---|---|---|---|
| Dewey Decimal Classification | London | London | News article | 14/05/2003 | WB3918-09 | 122262-1001 | 06/08/2019 | 1 | 06/08/2019 | News article |